000 01015cam a2200289 i 4500
001 17775941
005 20180410133339.0
008 130613s2013 miua b 001 0 eng
010 _a 2013019362
020 _a9780801048869 (pbk.)
040 _aDLC
_beng
_cDLC
_erda
041 _aeng
_aheb
042 _apcc
100 1 _aCook, John A.
_eauthor.
245 1 0 _aBeginning biblical Hebrew :
_ba grammar and illustrated reader /
_cJohn A. Cook and Robert D. Holmstedt ; Illustrated by Philip Williams.
264 1 _aGrand Rapids, Michigan:
_bBaker Academic,
_c2013.
300 _a139, a-93, r-90 pages :
_billustrations (mostly in color) ;
_c28 cm
336 _atext
_2rdacontent
337 _aunmediated
_2rdamedia
338 _avolume
_2rdacarrier
504 _aIncludes bibliographical references and index.
546 _aEnglish and Hebrew.
650 0 _aHebrew language
_xGrammar
_vTextbooks.
700 1 _aHolmstedt, Robert D.
_eauthor
700 1 _aWilliams, Philip,
_eillustrator.
942 _2lcc
_cBK
999 _c41323
_d41323